00512nam a22001337a 4500082001900000245013400019260000900153300001800162526003700180650001300217942001200230999001900242952011700261 a351.20954bCOM aThe combined civil list for India and BurmabA complete directory of the civil services & other higher services under government. c1941 axxxix, 618 p. a0b0c0d351_209540000000000_COM aMCE9379 2ddccBK c552033d552033 00102ddc4070aMCEbMCEcArchive Sectiond2015-01-06l0o351.20954 COMpMCE-ECC/35r2015-01-06w2015-01-06yBK